<?xml version="1.0" encoding="UTF-8"?>
<collection xmlns="http://www.loc.gov/MARC21/slim">
 <record>
  <leader>02770nam a2200301 a 4500</leader>
  <controlfield tag="001">1/44722</controlfield>
  <controlfield tag="008">140627s2000    us            001 0 eng  </controlfield>
  <datafield tag="020" ind1=" " ind2=" ">
   <subfield code="a">1420041681 (electronic bk.)</subfield>
  </datafield>
  <datafield tag="020" ind1=" " ind2=" ">
   <subfield code="a">9781420041682 (electronic bk.)</subfield>
  </datafield>
  <datafield tag="020" ind1=" " ind2=" ">
   <subfield code="z">0849308259</subfield>
  </datafield>
  <datafield tag="020" ind1=" " ind2=" ">
   <subfield code="z">9780849308253</subfield>
  </datafield>
  <datafield tag="020" ind1=" " ind2=" ">
   <subfield code="z">9780340740767</subfield>
  </datafield>
  <datafield tag="020" ind1=" " ind2=" ">
   <subfield code="z">0340740760</subfield>
  </datafield>
  <datafield tag="035" ind1=" " ind2=" ">
   <subfield code="l">47676</subfield>
  </datafield>
  <datafield tag="040" ind1=" " ind2=" ">
   <subfield code="a">YUS</subfield>
   <subfield code="b">eng</subfield>
   <subfield code="c">YUS</subfield>
   <subfield code="d">WPG</subfield>
   <subfield code="d">N$T</subfield>
   <subfield code="d">YDXCP</subfield>
   <subfield code="d">CAI</subfield>
   <subfield code="d">IDEBK</subfield>
   <subfield code="d">E7B</subfield>
   <subfield code="d">OCLCQ</subfield>
   <subfield code="d">UIU</subfield>
   <subfield code="d">OCLCQ</subfield>
   <subfield code="d">MYPMP</subfield>
   <subfield code="d">OPELS</subfield>
   <subfield code="d">OCLCQ</subfield>
   <subfield code="d">N$T</subfield>
   <subfield code="d">OCLCF</subfield>
   <subfield code="d">GR-PeUP</subfield>
  </datafield>
  <datafield tag="100" ind1="1" ind2=" ">
   <subfield code="a">Buchanan, William.</subfield>
  </datafield>
  <datafield tag="245" ind1="1" ind2="0">
   <subfield code="a">Computer busses design and application</subfield>
   <subfield code="h">[electronic resource] /</subfield>
   <subfield code="c">William Buchanan.</subfield>
  </datafield>
  <datafield tag="260" ind1=" " ind2=" ">
   <subfield code="a">Boca Raton :</subfield>
   <subfield code="b">CRC,</subfield>
   <subfield code="c">c2000.</subfield>
  </datafield>
  <datafield tag="300" ind1=" " ind2=" ">
   <subfield code="a">1 online resource (xiv, 608 p.) :</subfield>
   <subfield code="b">ill.</subfield>
  </datafield>
  <datafield tag="505" ind1="0" ind2=" ">
   <subfield code="a">Busses, interrupts and PC systems * Interfacing standards * PCI Bus * Motherboard design * IDE and mass storage * SCSI * PCMCIA * USB*Firewire * Games port, keyboard and mouse * AGP * Fiber channel * RS-232 * RS-422*RS-423*RS-485 * Modems * Parallel port * Enhanced parallel port * Modbus * Fieldbus * Worldfip * CAN Bus * IEEE-488*VME*VXI * TCP*IP * TCP*UDP * Networks * Ethernet * RS-232 Programming (Visual Basic) * Interrupt-driven RS-232 * Appendices.</subfield>
  </datafield>
  <datafield tag="520" ind1=" " ind2=" ">
   <subfield code="a">As more and more equipment is interface or'bus' driven, either by the use of controllers or directly from PCs, the question of which bus to use is becoming increasingly important both in industry and in the office. 'Computer Busses' has been designed to help choose the best type of bus for the particular application. There are several books which cover individual busses, but none which provide a complete guide to computer busses. The author provides a basic theory of busses and draws examples and applications from real bus case studies. Busses are analysed using from a top-down approach, helping the undergraduate electrical or computer engineer to chose the right type of bus for their particular application. This book is essential reading for students of software engineering and electronic design, as well as for those working in disciplines such as production engineering or process control. It will also be a handy reference book for professional engineers, systems designers, consultants and those working in technical support. Provides a complete guide to computer busses Contains application-specific programme examples Plenty of real-life case studies.</subfield>
  </datafield>
  <datafield tag="650" ind1=" " ind2="4">
   <subfield code="a">Microcomputers</subfield>
   <subfield code="x">Buses.</subfield>
  </datafield>
  <datafield tag="650" ind1=" " ind2="4">
   <subfield code="a">Computer interfaces.</subfield>
  </datafield>
  <datafield tag="655" ind1=" " ind2="4">
   <subfield code="a">Electronic books.</subfield>
  </datafield>
  <datafield tag="852" ind1=" " ind2=" ">
   <subfield code="a">INST</subfield>
   <subfield code="b">UNIPILB</subfield>
   <subfield code="c">EBOOKS</subfield>
   <subfield code="e">20140627</subfield>
   <subfield code="p">00b47676</subfield>
   <subfield code="q">00b47676</subfield>
   <subfield code="t">ONLINE</subfield>
   <subfield code="y">0</subfield>
  </datafield>
  <datafield tag="856" ind1="4" ind2="0">
   <subfield code="3">ScienceDirect</subfield>
   <subfield code="u">http://www.sciencedirect.com/science/book/9780340740767</subfield>
  </datafield>
  <datafield tag="856" ind1="4" ind2=" ">
   <subfield code="d">/webopac/covers/03/47676_1420041681.jpg</subfield>
   <subfield code="z">(electronic bk.)</subfield>
  </datafield>
  <datafield tag="856" ind1="4" ind2=" ">
   <subfield code="d">/webopac/covers/03/47676_9781420041682.jpg</subfield>
   <subfield code="z">(electronic bk.)</subfield>
  </datafield>
 </record>
</collection>
